00522pab a2200169 454500008004000000100001500040245006700055260000900122300001500131362000800146650002200154773003500176908000600211909001100217999001900228952010500247180718b2014 xxu||||| |||| 00| 0 eng d aRust, John aThe limits of inference with theory: A review of Wolpin (2013) c2014 ap.820-850. aSep aWolpin, Kenneth I aJournal of Economic Literature aN a106393 c106388d106388 00104070aIIPAbIIPAd2018-07-19hVolume no: 52, Issue no: 3pAR106853r2018-07-19w2018-07-19yAR